000 01869nam a2200517 c 4500
001 52537
003 ES-MaCES
005 20250203134035.0
007 cr |||||||||||
008 221116s2022 sp ||| ||spa d
017 _aNA 1625-2022
_bDL
020 _a9788413907154
020 _a9788413907130 (electrónico)
040 _aES-MaCES
_bspa
_cES-MaCES
100 1 _936583
_aTaléns Visconti, Eduardo Enrique
245 1 3 _aNuevas formas de prevención y respuesta jurídico-social frente a la violencia de género
_cJavier Gustavo Fernández Teruelo, Javier García Amez, Paz Fernández-Rivera González, dirs.
250 _a1ª ed
260 _aCizur Menor (Navarra)
_bThomson Reuters-Aranzadi
_c2022
300 _a443 p.
_c24 cm
490 1 _a Aranzadi Derecho penal
500 _aDisponible en formato electrónico mediante la aplicación PROVIEW
504 _aBibliografía
541 _cCompra
650 4 _amujeres
_928657
650 4 _aviolencia
_929388
650 4 _adiscriminación por razones de sexo
_929521
650 4 _aacoso sexual
_929555
650 4 _aorientación sexual
_930741
650 4 _aproblema social
_927044
650 4 _adelito
_927046
650 4 _amecanismo de control
_929918
650 4 _aderecho procesal
_930896
650 4 _aderecho penal
_927159
650 4 _aderecho comparado
_929868
650 4 _aEspaña
_926964
650 4 _ainvestigación interdisciplinaria
_928841
650 4 _arégimen jurídico
_929894
653 1 0 _aDerecho penal
700 1 _940531
_aFernández Teruelo, Javier Gustavo
_edir.
700 1 _940532
_aGarcía Amez, Javier
_edir.
700 1 _940533
_aFernández-Rivera González, Paz
_edir.
830 0 _aAranzadi Derecho penal
_940530
856 4 _uhttps://miespacio.aranzadilaley.es/Account/Login
_yLegalteca
902 _aLIB Libro
942 _2CES
_cBK
_h6.0.8.
999 _c52537
_d52537